[Event "21st ch-EUR Indiv w 2021"]
[Site "Iasi ROU"]
[Date "2021.08.11"]
[Round "3.55"]
[White "Mirza, Diana"]
[Black "Navrotescu, Andreea"]
[Result "0-1"]
[WhiteTitle "WFM"]
[BlackTitle "WIM"]
[WhiteElo "1933"]
[BlackElo "2249"]
[WhiteFideId "2503999"]
[BlackFideId "675946"]
[EventDate "2021.08.09"]

1. d4 Nf6 2. Nf3 g6 3. c4 Bg7 4. Nc3 d5 5. e3 c6 6. Bd3 O-O 7. O-O Nbd7 8. Qb3
Qb6 9. Qxb6 Nxb6 10. cxd5 Nbxd5 11. Nxd5 Nxd5 12. Bd2 Bg4 13. Rac1 Rfd8 14. Bc4
Nb6 15. Ba5 Bxf3 16. gxf3 e5 17. dxe5 Bxe5 18. Bxb6 axb6 19. Rc2 b5 20. Bb3 Rd6
21. f4 Bg7 22. Kg2 b6 23. e4 Rf6 24. Kg3 Bh6 25. f5 gxf5 26. exf5 c5 27. Bd5 Ra4
28. b3 Rd4 29. Bb7 Rxf5 30. f3 Rg5+ 31. Kf2 Rh4 32. Ke1 Re5+ 33. Re2 Rxe2+ 34.
Kxe2 Rxh2+ 35. Rf2 Rxf2+ 36. Kxf2 c4 37. Ke2 c3 38. Kd3 b4 39. Be4 Bf4 40. Kc4
Bd6 41. Kd5 Bc5 42. Ke5 Kg7 43. Kf5 Be3 44. f4 h6 45. Bd3 Kf8 46. Ke4 Bc5 47.
Bb1 Ke7 48. Kd3 h5 49. a3 h4 50. axb4 Bxb4 51. Ke4 f5+ 52. Kf3 Ke6 53. Kg2 Bd6
54. Kh3 Be7 55. Bc2 Kd5 56. Bxf5 Kd4 57. Kg4 Ke3 0-1

[Event "21st ch-EUR Indiv w 2021"]
[Site "Iasi ROU"]
[Date "2021.08.11"]
[Round "3.56"]
[White "Babineca, Darja"]
[Black "Pavlidou, Ekaterini"]
[Result "0-1"]
[BlackTitle "WIM"]
[WhiteElo "1756"]
[BlackElo "2136"]
[WhiteFideId "1337440"]
[BlackFideId "4213262"]
[EventDate "2021.08.09"]

1. e4 c5 2. Nf3 Nc6 3. Nc3 Nf6 4. Bb5 Qc7 5. O-O a6 6. Bxc6 dxc6 7. d3 e5 8. a4
h6 9. a5 Bg4 10. h3 Be6 11. Be3 Be7 12. Qe2 g5 13. Nd2 O-O-O 14. Na4 g4 15. hxg4
Rdg8 16. f3 Nd7 17. Kf2 h5 18. g5 Bxg5 19. Bxg5 Rxg5 20. Nc3 Rhg8 21. Rg1 h4 22.
Nd1 Nf6 23. Ne3 Nh5 24. Qf1 Nf4 25. Ke1 Qd8 26. Kd1 Qd4 27. Ndc4 Bxc4 28. Nxc4
Rxg2 29. Rxg2 Rxg2 30. c3 Rg1 0-1

[Event "21st ch-EUR Indiv w 2021"]
[Site "Iasi ROU"]
[Date "2021.08.11"]
[Round "3.57"]
[White "Sankova, Stella"]
[Black "Obada, Ema"]
[Result "1-0"]
[WhiteTitle "WFM"]
[BlackTitle "WCM"]
[WhiteElo "2100"]
[BlackElo "1981"]
[WhiteFideId "14944200"]
[BlackFideId "1234803"]
[EventDate "2021.08.09"]

1. e4 e6 2. d4 d5 3. Nc3 Bb4 4. e5 c5 5. a3 Bxc3+ 6. bxc3 Qc7 7. Qg4 f5 8. Qg3
Nc6 9. Nf3 cxd4 10. cxd4 Nge7 11. Bd2 O-O 12. Bd3 Qb6 13. c3 Na5 14. O-O Nc4 15.
Bh6 Ng6 16. Bg5 Rf7 17. h4 Nf8 18. h5 Bd7 19. h6 g6 20. Qh4 Be8 21. Bf6 Qc6 22.
Rfc1 Rc7 23. g4 Qd7 24. Qg3 fxg4 25. Nh2 Qf7 26. Nxg4 Nd7 27. Bg5 Rac8 28. Ra2
a6 29. a4 Na5 30. Rb1 Rxc3 31. Bd2 Rb3 32. Bxa5 Rxb1+ 33. Bxb1 Rc1+ 34. Kg2 Rxb1
35. Rc2 Qf5 36. Rc8 Kf7 37. Bd2 Qe4+ 38. Qf3+ Qxf3+ 39. Kxf3 Rb3+ 40. Ke2 g5 41.
a5 b6 42. axb6 Rxb6 43. Bxg5 Rb8 44. Rc3 Kg6 45. Bd2 Kh5 46. Rg3 Bg6 47. Ne3 Bb1
48. Ng2 Rf8 49. Nf4+ Kh4 50. Rh3+ 1-0

[Event "21st ch-EUR Indiv w 2021"]
[Site "Iasi ROU"]
[Date "2021.08.11"]
[Round "3.58"]
[White "Pirvan, Maria"]
[Black "Tarasenka, Aliaksandra"]
[Result "0-1"]
[BlackTitle "WFM"]
[WhiteElo "1628"]
[BlackElo "2061"]
[WhiteFideId "1262629"]
[BlackFideId "13514288"]
[EventDate "2021.08.09"]

1. e4 e6 2. d4 d5 3. Nd2 Nc6 4. c3 dxe4 5. Nxe4 e5 6. d5 Nce7 7. d6 Nc6 8. dxc7
Qxc7 9. Nf3 Be7 10. Be2 Bf5 11. Ng3 Rd8 12. Qa4 Bd7 13. Qb3 Be6 14. Qa4 Nf6 15.
Ng5 Bd5 16. O-O h6 17. N5e4 Nxe4 18. Nxe4 O-O 19. Kh1 a6 20. Ng3 f5 21. Bc4 Nb4
22. Bxd5+ Nxd5 23. f4 e4 24. c4 Nb4 25. a3 Nd3 26. Qc2 Bc5 27. b3 Qb6 28. h3
Nf2+ 29. Kh2 Qf6 30. Bb2 Ng4+ 31. Kh1 Qh4 32. Ne2 Rd3 0-1

[Event "21st ch-EUR Indiv w 2021"]
[Site "Iasi ROU"]
[Date "2021.08.12"]
[Round "4.1"]
[White "Bulmaga, Irina"]
[Black "Batsiashvili, Nino"]
[Result "1-0"]
[WhiteTitle "IM"]
[BlackTitle "GM"]
[WhiteElo "2413"]
[BlackElo "2487"]
[WhiteFideId "13903063"]
[BlackFideId "13602993"]
[EventDate "2021.08.09"]

1. e4 e5 2. Nf3 Nc6 3. d4 exd4 4. Nxd4 Bc5 5. Nb3 Bb6 6. Nc3 Nf6 7. Qe2 O-O 8.
Be3 Re8 9. f3 a5 10. a4 d5 11. Bxb6 cxb6 12. O-O-O Bd7 13. g4 dxe4 14. fxe4 Qc7
15. g5 Bg4 16. Qg2 Qf4+ 17. Nd2 Nxe4 18. Nxe4 Bxd1 19. Kxd1 Ne5 20. Qg3 Qxg3 21.
hxg3 Rad8 22. Kc1 Re6 23. Bh3 Rc6 24. Bf5 h6 25. gxh6 Rxh6 26. Rxh6 gxh6 27. Nc3
Kg7 28. Be4 Rd7 29. Nd5 f5 30. Bg2 Rf7 31. Nf3 Nc4 32. b3 Nd6 33. Ne5 Rf8 34.
Nxb6 Ne4 35. Nbd7 Rg8 36. Bxe4 fxe4 37. Kd2 h5 38. Ke3 Kh6 39. Nf7+ Kg6 40. Nd6
Rd8 41. Ne5+ Kf6 42. Nec4 b6 43. Nxe4+ Kf5 44. Kf3 Rb8 45. Nc3 Ke6 46. Ne2 Kd5
47. Ne3+ Kc5 48. Nf4 Rh8 49. Ne6+ Kd6 50. Nd4 Rf8+ 51. Ke4 Rf2 52. Nef5+ Kc5 53.
Ke5 Rg2 54. Ke6 Rg1 55. Kd7 Re1 56. c3 Rc1 57. Ne6+ Kd5 58. c4+ Ke4 59. Ned4 Rc3
60. Kc6 Rxg3 61. Nxg3+ Kxd4 62. Nxh5 1-0

[Event "21st ch-EUR Indiv w 2021"]
[Site "Iasi ROU"]
[Date "2021.08.12"]
[Round "4.2"]
[White "Mammadzada, Gunay"]
[Black "Danielian, Elina"]
[Result "1/2-1/2"]
[WhiteTitle "IM"]
[BlackTitle "GM"]
[WhiteElo "2460"]
[BlackElo "2407"]
[WhiteFideId "13403729"]
[BlackFideId "13300210"]
[EventDate "2021.08.09"]

1. e4 d6 2. d4 Nf6 3. Nc3 g6 4. f4 Bg7 5. Nf3 O-O 6. Bd3 Nc6 7. e5 dxe5 8. dxe5
Nd5 9. Nxd5 Qxd5 10. Qe2 Bg4 11. Be4 Qd7 12. Be3 Nd4 13. Bxd4 Bxf3 14. Qxf3 Qxd4
15. c3 Qb6 16. O-O-O c6 17. h4 Rfd8 18. Rxd8+ Rxd8 19. h5 e6 20. hxg6 hxg6 21.
g4 Qa5 22. a3 Rd7 23. Qf2 Qb6 24. Qe1 Qc5 25. Kb1 a5 26. Bc2 b5 27. f5 Qxe5 28.
Qxe5 Bxe5 29. Re1 Bf6 30. fxe6 Re7 31. exf7+ Kxf7 32. Rxe7+ Bxe7 33. a4 b4 34.
Be4 c5 35. Kc2 g5 36. Kb3 Ke6 37. Kc4 bxc3 38. bxc3 Bf6 39. Bf5+ Kd6 40. Be4 Be5
41. Bf5 Bf6 42. Be4 Be5 43. Bf5 Bf6 1/2-1/2

[Event "21st ch-EUR Indiv w 2021"]
[Site "Iasi ROU"]
[Date "2021.08.12"]
[Round "4.3"]
[White "Khotenashvili, Bela"]
[Black "Zawadzka, Jolanta"]
[Result "1/2-1/2"]
[WhiteTitle "GM"]
[BlackTitle "WGM"]
[WhiteElo "2471"]
[BlackElo "2403"]
[WhiteFideId "13602640"]
[BlackFideId "1122320"]
[EventDate "2021.08.09"]

1. d4 d5 2. c4 e6 3. Nf3 Nf6 4. Nc3 dxc4 5. Qa4+ Nbd7 6. e4 a6 7. Bxc4 Rb8 8.
Qc2 b5 9. Be2 Bb7 10. a3 c5 11. d5 Bd6 12. Bg5 h6 13. Bh4 exd5 14. exd5 Qc7 15.
Rd1 O-O 16. O-O Rfe8 17. Bd3 Ng4 18. Bg3 Bxg3 19. hxg3 Ndf6 20. a4 c4 21. Bf5 b4
22. Ne2 b3 23. Qd2 Ne5 24. Nc3 Rbd8 25. Rfe1 g6 26. Qxh6 Nxf3+ 27. gxf3 Rxe1+
28. Rxe1 Bxd5 29. Be4 Bxe4 30. fxe4 Qe5 31. Kg2 Rd3 32. Qh4 g5 33. Qh3 Rd2 34.
Rh1 Kf8 35. Qc8+ Ke7 36. Qxc4 Ng4 37. Nd5+ Qxd5 38. Qxd5 Ne3+ 39. Kf3 Nxd5 40.
exd5 Rxb2 41. Rh6 f6 42. d6+ Kxd6 43. Rxf6+ Kc5 44. Rxa6 Ra2 45. a5 Kc4 46. Rc6+
Kd3 47. Rb6 Kc2 48. Kg4 Rxa5 49. f4 gxf4 50. gxf4 b2 51. f5 b1=Q 52. Rxb1 Kxb1
53. f6 Kc2 54. f7 Ra8 55. Kf5 Kd3 56. Kf6 Ke4 1/2-1/2

[Event "21st ch-EUR Indiv w 2021"]
[Site "Iasi ROU"]
[Date "2021.08.12"]
[Round "4.4"]
[White "Socko, Monika"]
[Black "Javakhishvili, Lela"]
[Result "1-0"]
[WhiteTitle "GM"]
[BlackTitle "IM"]
[WhiteElo "2393"]
[BlackElo "2470"]
[WhiteFideId "1106619"]
[BlackFideId "13601458"]
[EventDate "2021.08.09"]

1. d4 Nf6 2. c4 e6 3. Nf3 d5 4. Nc3 c5 5. cxd5 Nxd5 6. e4 Nxc3 7. bxc3 cxd4 8.
cxd4 Bb4+ 9. Bd2 Bxd2+ 10. Qxd2 O-O 11. Rc1 b6 12. Bd3 Bb7 13. O-O Nd7 14. Qf4
Rc8 15. Rxc8 Qxc8 16. Rc1 Qb8 17. Qxb8 Rxb8 18. Rc7 Nf6 19. Ng5 h6 20. Nxf7 Bxe4
21. Bxe4 Nxe4 22. f3 Nf6 23. Rxa7 Rc8 24. g4 Nd5 25. g5 Rc7 26. Rxc7 Nxc7 27.
gxh6 Nb5 28. Ng5 gxh6 29. Nxe6 Kf7 30. Nf4 Nxd4 31. Kf2 b5 32. Ne2 Nc2 33. Nc3
b4 34. Nb5 Ke6 35. Ke2 Ke5 36. Kd2 Na1 37. Kc1 b3 38. a4 Nc2 39. Kb2 Ne1 40. a5
Kd5 41. a6 Kc6 42. Nd4+ Kb6 43. Kxb3 Kxa6 44. Kc4 Kb6 45. Kd5 Ng2 46. Ke5 Kc7
47. Nf5 h5 48. Kf6 h4 49. Kg5 h3 50. Kg4 Ne1 51. Nh4 Kd6 52. Kxh3 Ke5 53. Kg4
Kf6 54. f4 Nd3 55. Ng2 Nf2+ 56. Kf3 Nd3 57. Ne3 Kg6 58. Nf1 Kf5 59. Ng3+ Kf6 60.
Ke3 Ne1 61. Ke4 Ng2 62. Kf3 Ne1+ 63. Kg4 Nd3 64. Ne4+ Kg6 65. h4 Kh6 66. Ng3 Kg6
67. h5+ Kh6 68. Nf5+ Kh7 69. Kg5 Nc5 70. Ng3 Ne6+ 71. Kf5 Nc5 72. Kf6 Kh6 73. f5
Nd3 74. Ke7 Nf4 75. f6 Nd5+ 76. Ke6 Nf4+ 77. Kd7 Nd5 78. Ke6 Nf4+ 79. Ke5 Nd3+
80. Ke4 Nc5+ 81. Kf5 Nb7 82. Ke6 Nd8+ 83. Kd7 Nf7 84. Ke7 Ne5 85. f7 Nxf7 86.
Kxf7 Kh7 87. Kf6 Kh6 88. Kf5 1-0

[Event "21st ch-EUR Indiv w 2021"]
[Site "Iasi ROU"]
[Date "2021.08.12"]
[Round "4.5"]
[White "Sargsyan, Anna M."]
[Black "Bodnaruk, Anastasia"]
[Result "1-0"]
[WhiteTitle "WGM"]
[BlackTitle "IM"]
[WhiteElo "2388"]
[BlackElo "2449"]
[WhiteFideId "13308130"]
[BlackFideId "4181751"]
[EventDate "2021.08.09"]

1. e4 c5 2. Nf3 d6 3. d4 cxd4 4. Nxd4 Nf6 5. Nc3 a6 6. h3 e5 7. Nde2 h5 8. Bg5
Be6 9. Bxf6 Qxf6 10. Nd5 Qd8 11. Qd3 Nd7 12. O-O-O Nc5 13. Qa3 g6 14. Kb1 Bg7
15. f3 h4 16. Nc1 O-O 17. Qe3 f5 18. Nb3 Rc8 19. Nc3 b5 20. Be2 Bxb3 21. axb3
Ne6 22. Nd5 Nd4 23. Bd3 a5 24. exf5 gxf5 25. c3 Nxb3 26. g4 hxg3 27. f4 Qh4 28.
Rhg1 Rf7 29. Rxg3 Nc5 30. Rdg1 Ne6 31. Qb6 e4 32. Qxd6 Nc5 33. Qe5 Qxg3 34. Rxg3
Nxd3 35. Nf6+ Kh8 36. Qxf5 Rxf6 37. Qxc8+ Rf8 38. Qb7 1-0

[Event "21st ch-EUR Indiv w 2021"]
[Site "Iasi ROU"]
[Date "2021.08.12"]
[Round "4.6"]
[White "Girya, Olga"]
[Black "Garifullina, Leya"]
[Result "1/2-1/2"]
[WhiteTitle "WGM"]
[BlackTitle "WGM"]
[WhiteElo "2425"]
[BlackElo "2385"]
[WhiteFideId "4195752"]
[BlackFideId "34127035"]
[EventDate "2021.08.09"]

1. Nf3 Nf6 2. g3 d5 3. Bg2 e6 4. O-O Be7 5. c4 O-O 6. b3 b6 7. d4 Bb7 8. Nc3 Ne4
9. Bb2 Nd7 10. Qc2 Ndf6 11. Rfd1 Qc8 12. Nxe4 Nxe4 13. Ne5 c5 14. dxc5 Bxc5 15.
e3 Nf6 16. Qc3 Be7 17. Rac1 dxc4 18. Qxc4 Bxg2 19. Qxc8 Rfxc8 20. Kxg2 Kf8 21.
Kf3 Ke8 22. e4 Ng8 23. h4 f6 24. Nc4 Nh6 25. e5 Nf7 26. exf6 gxf6 27. g4 Rc6 28.
Ne3 Rac8 29. Rxc6 Rxc6 30. Rc1 Rxc1 31. Bxc1 Bc5 32. Bb2 Ke7 33. Ke4 Nd6+ 34.
Kd3 e5 35. f4 Bxe3 36. Kxe3 exf4+ 37. Kxf4 Ke6 38. Bd4 Nb5 39. Bb2 Nc7 40. Ke4
Nb5 41. Kf4 Nd6 42. Bd4 Nb5 43. Bb2 1/2-1/2

[Event "21st ch-EUR Indiv w 2021"]
[Site "Iasi ROU"]
[Date "2021.08.12"]
[Round "4.7"]
[White "Osmak, Iulija"]
[Black "Brunello, Marina"]
[Result "1-0"]
[WhiteTitle "IM"]
[BlackTitle "IM"]
[WhiteElo "2418"]
[BlackElo "2379"]
[WhiteFideId "14101602"]
[BlackFideId "822590"]
[EventDate "2021.08.09"]

1. d4 d5 2. c4 c6 3. Nf3 Nf6 4. Nc3 e6 5. e3 Nbd7 6. Qc2 Bd6 7. Bd3 O-O 8. O-O
dxc4 9. Bxc4 b5 10. Be2 a6 11. e4 e5 12. Bg5 h6 13. Bh4 exd4 14. Nxd4 Qc7 15.
Bg3 Bxg3 16. hxg3 Bb7 17. Rad1 Qb6 18. Nf5 Ne5 19. Rd6 Ne8 20. Nd5 Qa7 21. Nde7+
Kh7 22. Rxh6+ gxh6 23. Qc1 1-0

[Event "21st ch-EUR Indiv w 2021"]
[Site "Iasi ROU"]
[Date "2021.08.12"]
[Round "4.8"]
[White "Radeva, Viktoria"]
[Black "Maltsevskaya, Aleksandra"]
[Result "0-1"]
[WhiteTitle "WGM"]
[BlackTitle "WGM"]
[WhiteElo "2372"]
[BlackElo "2409"]
[WhiteFideId "2915405"]
[BlackFideId "24174041"]
[EventDate "2021.08.09"]

1. e4 c5 2. Nf3 Nc6 3. d4 cxd4 4. Nxd4 e6 5. Nc3 a6 6. Be2 Nf6 7. O-O Qc7 8. Be3
Be7 9. f4 d6 10. Qe1 Nxd4 11. Bxd4 b5 12. Bf3 Bb7 13. e5 dxe5 14. fxe5 Nd7 15.
Bxb7 Qxb7 16. Ne4 O-O 17. Rd1 Rac8 18. c3 Kh8 19. Rf3 Qd5 20. Bf2 Qb7 21. Nd6
Bxd6 22. Rxd6 Kg8 23. Rh3 Rfe8 24. Qe2 Nf8 25. Rhd3 Ng6 26. Rd7 Qb8 27. Bg3 b4
28. Qf3 Nxe5 29. Qe3 bxc3 30. bxc3 Qb1+ 31. Rd1 Nc4 32. Rxb1 Nxe3 33. Be5 Ng4
34. Bd4 e5 35. Bb6 Rxc3 36. h3 Nf6 37. Ra7 Ra3 38. Bc5 Ra5 39. Bd6 Ne4 40. Bc7
Rxa2 41. Bxe5 h6 42. Ra1 Rc2 43. Bc7 Nc3 44. Ba5 Ne2+ 45. Kh1 Re6 46. Rb1 Ra2
47. Bc7 Rg6 48. Be5 Ng3+ 49. Kh2 Nf5 50. Rb2 Rxb2 51. Bxb2 Ne3 52. g4 h5 53. Bc1
Nf1+ 54. Kg2 hxg4 55. hxg4 Rc6 56. Bg5 Rc5 57. Be7 Ne3+ 58. Kf3 Rc3 59. Bb4 Rb3
60. Bc5 Nd5+ 61. Kf2 Nf6 62. Bd4 Nxg4+ 63. Ke2 Ra3 64. Kd2 g5 65. Kc2 Ne3+ 66.
Kb2 Rd3 67. Bf6 g4 68. Rxa6 g3 69. Ra8+ Kh7 70. Rh8+ Kg6 71. Bc3 g2 72. Rg8+ Kf5
73. Be1 Ng4 0-1

[Event "21st ch-EUR Indiv w 2021"]
[Site "Iasi ROU"]
[Date "2021.08.12"]
[Round "4.9"]
[White "Unuk, Laura"]
[Black "Ilyuchyk, Yana"]
[Result "1-0"]
[WhiteTitle "IM"]
[BlackTitle "WFM"]
[WhiteElo "2407"]
[BlackElo "2097"]
[WhiteFideId "14609215"]
[BlackFideId "13508407"]
[EventDate "2021.08.09"]

1. d4 Nf6 2. c4 g6 3. Nf3 Bg7 4. g3 O-O 5. Bg2 d6 6. O-O Nc6 7. Nc3 e5 8. dxe5
Nxe5 9. b3 Nxf3+ 10. Bxf3 Re8 11. Be3 Bh3 12. Re1 Rxe3 13. fxe3 Qe7 14. e4 h5
15. Rc1 c6 16. Qd2 Kh7 17. e3 Nd7 18. Ne2 Nc5 19. Qc2 Ne6 20. Nf4 Ng5 21. Bh1
Bg4 22. c5 Rd8 23. Rf1 d5 24. exd5 Qxe3+ 25. Qf2 Bd4 26. Rc4 Qxf2+ 27. Rxf2
Bxf2+ 28. Kxf2 cxd5 29. Nxd5 Kg7 30. b4 Bd7 31. Nf4 Bb5 32. Rc2 Rd7 33. Ke3 Nh7
34. h3 Nf6 35. Bf3 Kh6 36. Rd2 Re7+ 37. Kd4 g5 38. Nd5 Nxd5 39. Bxd5 Rd7 40. Ke5
Bc4 41. Rd4 Bxd5 42. Rxd5 Re7+ 43. Kd6 Re6+ 44. Kd7 Re3 45. b5 g4 46. hxg4 hxg4
47. c6 bxc6 48. bxc6 Rxg3 49. c7 Rc3 50. Rd6+ Kg7 51. Rc6 Rd3+ 52. Ke7 Re3+ 53.
Kd6 Re8 54. c8=Q Rxc8 55. Rxc8 Kf6 56. Rc5 Kg6 57. Ke5 1-0

[Event "21st ch-EUR Indiv w 2021"]
[Site "Iasi ROU"]
[Date "2021.08.12"]
[Round "4.10"]
[White "Arabidze, Meri"]
[Black "Heinemann, Josefine"]
[Result "1-0"]
[WhiteTitle "IM"]
[BlackTitle "WGM"]
[WhiteElo "2438"]
[BlackElo "2296"]
[WhiteFideId "13604040"]
[BlackFideId "12900460"]
[EventDate "2021.08.09"]

1. Nf3 Nf6 2. c4 c5 3. g3 d5 4. cxd5 Nxd5 5. Nc3 Nc6 6. Bg2 Nc7 7. a3 e6 8. O-O
Be7 9. d3 O-O 10. Be3 Nd5 11. Bd2 b6 12. Nxd5 exd5 13. b4 cxb4 14. axb4 Nxb4 15.
Nd4 Bb7 16. Nf5 Nc6 17. Qb3 Bf6 18. Ra4 Ne7 19. Ne3 g6 20. Ng4 Bg7 21. Bc3 f6
22. Rf4 Nf5 23. e4 Nh6 24. Ne3 Nf7 25. Nxd5 Bxd5 26. exd5 f5 27. Bxg7 Kxg7 28.
Rc4 Nd6 29. Rc6 Re8 30. Qb4 Nf7 31. Qd4+ Kg8 32. d6 Rb8 33. Rfc1 Re6 34. d7 Rxc6
35. Rxc6 Kf8 36. Rf6 Qe7 37. Rxf7+ Qxf7 38. Qd6+ 1-0

[Event "21st ch-EUR Indiv w 2021"]
[Site "Iasi ROU"]
[Date "2021.08.12"]
[Round "4.11"]
[White "Efroimski, Marsel"]
[Black "Narva, Mai"]
[Result "0-1"]
[WhiteTitle "IM"]
[BlackTitle "WIM"]
[WhiteElo "2446"]
[BlackElo "2276"]
[WhiteFideId "2810964"]
[BlackFideId "4500512"]
[EventDate "2021.08.09"]

1. e4 g6 2. d4 Bg7 3. Nf3 d6 4. Bc4 e6 5. Nc3 Nd7 6. a4 a6 7. Qe2 Ne7 8. O-O b6
9. Bf4 Bb7 10. Rad1 O-O 11. Qd2 Nf6 12. Rfe1 d5 13. exd5 Nexd5 14. Be5 Qd7 15.
Bb3 Rac8 16. Na2 Rfd8 17. c4 Ne7 18. Qc3 Ne4 19. Qc2 Nf6 20. Qc3 Ne4 21. Qc1 Nf6
22. Ng5 h6 23. Nh3 c5 24. Qf4 g5 25. Nxg5 Ng6 26. Qg3 hxg5 27. dxc5 Qc6 28.
Rxd8+ Rxd8 29. Bc7 Rd3 30. Nb4 Rxg3 31. Nxc6 Rxb3 32. Nd4 Rxb2 33. cxb6 Nd7 34.
Nf3 Bxf3 0-1

[Event "21st ch-EUR Indiv w 2021"]
[Site "Iasi ROU"]
[Date "2021.08.12"]
[Round "4.12"]
[White "Schulze, Lara"]
[Black "Badelka, Olga"]
[Result "1/2-1/2"]
[WhiteTitle "FM"]
[BlackTitle "IM"]
[WhiteElo "2269"]
[BlackElo "2418"]
[WhiteFideId "12956830"]
[BlackFideId "13509926"]
[EventDate "2021.08.09"]

1. e4 e5 2. Nf3 Nc6 3. d4 exd4 4. Nxd4 Bc5 5. Be3 Qf6 6. c3 Nge7 7. Bb5 O-O 8.
O-O d6 9. Re1 Bb6 10. Na3 Qg6 11. Nac2 Bd7 12. a4 Nxd4 13. Nxd4 Bxd4 14. Bxd4
Nc6 15. Re3 Nxd4 16. Qxd4 Rfd8 17. f4 Qh6 18. Rg3 c5 19. Qf2 Bxb5 20. axb5 Re8
21. Re3 a6 22. bxa6 Rxa6 23. Rxa6 bxa6 24. g3 Qe6 25. Rd3 h6 26. Qd2 Qxe4 27.
Rxd6 Qb1+ 28. Kg2 Re1 29. Rd8+ Kh7 30. Qd3+ Qxd3 31. Rxd3 Re2+ 32. Kh3 Rxb2 33.
Rd5 Rb5 34. c4 Ra5 35. f5 h5 36. g4 hxg4+ 37. Kxg4 f6 38. h3 Ra1 39. Rxc5 a5 40.
Rc8 a4 41. Ra8 a3 42. c5 a2 43. Kh4 Rc1 44. Rxa2 Rxc5 45. Kg4 Kh6 46. Ra7 Rc4+
47. Kf3 Rc3+ 1/2-1/2

[Event "21st ch-EUR Indiv w 2021"]
[Site "Iasi ROU"]
[Date "2021.08.12"]
[Round "4.13"]
[White "Havanecz, Bianka"]
[Black "Buksa, Nataliya"]
[Result "0-1"]
[WhiteTitle "WIM"]
[BlackTitle "IM"]
[WhiteElo "2257"]
[BlackElo "2413"]
[WhiteFideId "704814"]
[BlackFideId "14123622"]
[EventDate "2021.08.09"]

1. d4 Nf6 2. c4 g6 3. Nf3 Bg7 4. g3 d5 5. cxd5 Nxd5 6. Bg2 O-O 7. O-O Nb6 8. Nc3
Nc6 9. e3 Re8 10. a3 e5 11. d5 Ne7 12. e4 Bg4 13. Qb3 Bxf3 14. Bxf3 c6 15. a4
cxd5 16. exd5 Nf5 17. Bg2 Nd4 18. Qa2 Nc8 19. a5 Nd6 20. Rb1 Rc8 21. a6 b5 22.
Be3 h6 23. Rbd1 Kh7 24. Rd3 f5 25. Rfd1 Nc2 26. Qb3 Nxe3 27. Rxe3 Qb6 28. Bf1
Rb8 29. Ra1 e4 30. Qb4 Rec8 31. Kg2 Rf8 32. Ree1 Bd4 33. f3 Rf7 34. fxe4 Bxc3
35. Qxc3 fxe4 36. Qe3 Qxe3 37. Rxe3 Rc8 38. Kg1 Re7 39. Rd1 Rc2 40. Re2 Rc5 41.
Re3 Kg7 42. Rc3 Rxc3 43. bxc3 Rc7 44. Rb1 Rc5 45. Rb4 Kf6 46. Kf2 Ke5 47. Ke1
Kxd5 48. Kd2 g5 49. Rb1 Kc6 50. Be2 Kb6 51. g4 Kxa6 52. Rf1 Kb6 53. Rf8 a5 54.
Rh8 Rc6 55. Bd1 a4 56. Bc2 Kc5 57. Bb1 Kd5 58. Ba2+ Ke5 59. Rf8 e3+ 60. Kd3 e2 0-1

[Event "21st ch-EUR Indiv w 2021"]
[Site "Iasi ROU"]
[Date "2021.08.12"]
[Round "4.14"]
[White "Daulyte-Cornette, Deimante"]
[Black "Muetsch, Annmarie"]
[Result "1-0"]
[WhiteTitle "IM"]
[BlackTitle "WIM"]
[WhiteElo "2408"]
[BlackElo "2259"]
[WhiteFideId "12802859"]
[BlackFideId "12971367"]
[EventDate "2021.08.09"]

1. e4 d6 2. d4 Nf6 3. Nc3 e5 4. Nf3 Nbd7 5. Bc4 Be7 6. a4 O-O 7. O-O c6 8. h3
Qc7 9. Re1 exd4 10. Nxd4 Ne5 11. Bb3 Re8 12. f4 Ng6 13. Qf3 Bf8 14. Be3 Nh4 15.
Qf2 Ng6 16. Bd2 a6 17. a5 c5 18. Nf3 Bd7 19. f5 Ne5 20. Nxe5 dxe5 21. Bc4 Bc6
22. g4 h6 23. Qg2 Rad8 24. Be3 Rd4 25. Bxd4 exd4 26. Nd5 Qe5 27. Nxf6+ Qxf6 28.
Bd5 Bxd5 29. exd5 Re3 30. Rxe3 dxe3 31. c3 Qe5 32. Kf1 Bd6 33. Ke2 Qe8 34. Rf1
c4 35. Rd1 Qa4 36. Qe4 Qb3 37. Qb1 Qb5 38. Kxe3 Qxa5 39. Kf3 Qd8 40. Qe4 Qh4 41.
Ke2 Qxh3 42. Kd2 b5 43. Kc1 b4 44. Qxc4 bxc3 45. bxc3 Qh2 46. Kb1 a5 47. Qe4 Ba3
48. Qc2 Qf4 49. Ka2 Bc5 50. Re1 Qc4+ 51. Qb3 Qf4 52. Rd1 a4 53. Qb5 Qe4 54. Rd2
Qe1 55. Qd3 Qc1 56. d6 Qa3+ 57. Kb1 Bb6 58. Qc4 Bd8 59. Qb4 1-0

[Event "21st ch-EUR Indiv w 2021"]
[Site "Iasi ROU"]
[Date "2021.08.12"]
[Round "4.15"]
[White "Milliet, Sophie"]
[Black "Eric, Jovana"]
[Result "1/2-1/2"]
[WhiteTitle "IM"]
[BlackTitle "WGM"]
[WhiteElo "2403"]
[BlackElo "2254"]
[WhiteFideId "623725"]
[BlackFideId "938238"]
[EventDate "2021.08.09"]

1. e4 c5 2. Nf3 d6 3. d4 cxd4 4. Qxd4 Nc6 5. Qe3 Nf6 6. Be2 e6 7. O-O Be7 8. c4
O-O 9. Nc3 b6 10. h3 Bb7 11. Rd1 Qc8 12. b3 Nb4 13. Nd4 Rd8 14. Bb2 Rd7 15. Rac1
Qd8 16. Qg3 Rc8 17. Bf3 Nc6 18. Nxc6 Bxc6 19. Rd3 Ne8 20. Bg4 Bh4 21. Qe3 Bf6
22. Rcd1 g6 23. f4 Bg7 24. Bf3 Qc7 25. Ba3 Rcd8 26. Bb4 a6 27. a4 Qb7 28. Nb5 f5
29. Nxd6 Nxd6 30. Rxd6 Rxd6 31. Rxd6 Rxd6 32. Bxd6 Bxe4 33. Bxe4 fxe4 34. a5
bxa5 35. Qc5 Bc3 36. Be5 Bxe5 37. Qxe5 Qb6+ 38. Kh2 Kf7 39. Qxe4 Qxb3 40. Qc6
Qe3 41. Qc7+ Ke8 42. c5 Qd4 43. c6 a4 44. Qb8+ Ke7 45. Qb7+ Ke8 46. c7 Qxf4+ 47.
Kg1 Qc1+ 48. Kf2 Qd2+ 49. Kf3 Qd3+ 50. Kf2 Qd2+ 51. Kf3 Qd3+ 52. Kf4 Qd4+ 53.
Kg5 Qe5+ 54. Kh6 Qf4+ 55. Kxh7 Qf7+ 56. Kh6 Qf4+ 57. Kxg6 Qf5+ 58. Kh6 Qf6+ 59.
Kh5 Qf5+ 60. Kh4 Qf4+ 61. g4 Qh6+ 62. Kg3 Qe3+ 63. Kg2 Qe2+ 64. Kg3 Qe3+ 65. Kh4
Qh6+ 66. Kg3 Qe3+ 1/2-1/2

[Event "21st ch-EUR Indiv w 2021"]
[Site "Iasi ROU"]
[Date "2021.08.12"]
[Round "4.16"]
[White "Dornbusch, Tatiana"]
[Black "Tsolakidou, Stavroula"]
[Result "1/2-1/2"]
[WhiteTitle "WGM"]
[BlackTitle "IM"]
[WhiteElo "2249"]
[BlackElo "2389"]
[WhiteFideId "14107449"]
[BlackFideId "4264312"]
[EventDate "2021.08.09"]

1. d4 d5 2. Nf3 Nf6 3. g3 b5 4. Bg2 e6 5. O-O Be7 6. Bg5 Nbd7 7. Nbd2 c5 8. c3
Bb7 9. Re1 O-O 10. Bxf6 Nxf6 11. Ne5 Qc7 12. Rc1 Rac8 13. e3 Ne4 14. f3 Nd6 15.
Nd3 Nc4 16. Nb3 cxd4 17. exd4 Bd6 18. Qe2 Rfe8 19. f4 Bc6 20. Nbc5 Bf8 21. b3
Nd6 22. Ne5 Nf5 23. b4 a5 24. a3 Nd6 25. Qf3 Re7 26. Nxc6 Qxc6 27. Bf1 Qc7 28.
Bd3 g6 29. h4 Ree8 30. h5 Nc4 31. Bxc4 bxc4 32. Re2 axb4 33. axb4 Ra8 34. Qg4
Ra3 35. hxg6 hxg6 36. Rh2 Bg7 37. Re2 Rea8 38. Rd2 Qa7 39. Kf2 Ra1 40. Qd1 Ra3
41. Rb2 Bf8 42. Kg2 Bd6 43. Qg1 Rc8 44. Qe3 1/2-1/2

[Event "21st ch-EUR Indiv w 2021"]
[Site "Iasi ROU"]
[Date "2021.08.12"]
[Round "4.17"]
[White "Mammadova, Gulnar"]
[Black "Fataliyeva, Ulviyya"]
[Result "1/2-1/2"]
[WhiteTitle "IM"]
[BlackTitle "WGM"]
[WhiteElo "2385"]
[BlackElo "2253"]
[WhiteFideId "13403508"]
[BlackFideId "13403052"]
[EventDate "2021.08.09"]

1. e4 c6 2. d4 d5 3. f3 e6 4. Nc3 Qb6 5. a3 Nf6 6. Nge2 dxe4 7. fxe4 e5 8. Qd3
exd4 9. Nxd4 Bc5 10. Na4 Qa5+ 11. Nc3 Qb6 12. Na4 Qa5+ 13. Nc3 Qb6 1/2-1/2